What is marketing? / (Record no. 1423)

000 -LEADER
fixed length control field 01659nam a22004937a 4500
001 - CONTROL NUMBER
control field 22682651
003 - CONTROL NUMBER IDENTIFIER
control field LIBRIS
005 - DATE AND TIME OF LATEST TRANSACTION
control field 20241030083007.0
008 - FIXED-LENGTH DATA ELEMENTS--GENERAL INFORMATION
fixed length control field 180517s2006 xx |||||||||||000 0|eng|d
015 ## - NATIONAL BIBLIOGRAPHY NUMBER
National bibliography number GBA695011
Source dnb
016 7# - NATIONAL BIBLIOGRAPHIC AGENCY CONTROL NUMBER
Record control number 013-59673
Source Uk
020 ## - INTERNATIONAL STANDARD BOOK NUMBER
International Standard Book Number 9781422104606
020 ## - INTERNATIONAL STANDARD BOOK NUMBER
International Standard Book Number 1422104605
035 ## - SYSTEM CONTROL NUMBER
System control number (OCoLC)ocn601068403
040 ## - CATALOGING SOURCE
Original cataloging agency HEBIS
Language of cataloging ger
Transcribing agency HEBIS
Modifying agency GBVCP
-- OCLCO
-- OCLCF
-- DEBBG
-- N9V
-- OCLCQ
041 ## - LANGUAGE CODE
Language code of text/sound track or separate title eng
080 ## - UNIVERSAL DECIMAL CLASSIFICATION NUMBER
Universal Decimal Classification number 005
Item number S-60
084 ## - OTHER CLASSIFICATION NUMBER
Classification number QP 600
Number source rvk
088 ## - REPORT NUMBER
Report number 2006021351
100 1# - MAIN ENTRY--PERSONAL NAME
Personal name Silk, Alvin J.
Relationship aut
245 10 - TITLE STATEMENT
Title What is marketing? /
Statement of responsibility, etc. Alvin J. Silk.
260 ## - PUBLICATION, DISTRIBUTION, ETC.
Place of publication, distribution, etc. Boston. Mass.
Name of publisher, distributor, etc. Harvard School Pr.
Date of publication, distribution, etc. 2006.
264 #1 - PRODUCTION, PUBLICATION, DISTRIBUTION, MANUFACTURE, AND COPYRIGHT NOTICE
Date of production, publication, distribution, manufacture, or copyright notice 2006
300 ## - PHYSICAL DESCRIPTION
Extent XII, 207 Seiten
Other physical details Diagramme.
336 ## - CONTENT TYPE
Content type term 207 p .:
Content type code ill
337 ## - MEDIA TYPE
Media type term ohne Hilfsmittel zu benutzen
Media type code n
Source rdamedia/ger
338 ## - CARRIER TYPE
Carrier type term Band
Carrier type code nc
Source rdacarrier/ger
365 ## - TRADE PRICE
Price type code 29.95 USD
490 0# - SERIES STATEMENT
Series statement What is? series
650 #0 - SUBJECT ADDED ENTRY--TOPICAL TERM
Topical term or geographic name entry element Marketing.
650 #7 - SUBJECT ADDED ENTRY--TOPICAL TERM
Topical term or geographic name entry element Marketing.
Source of heading or term fast
650 #7 - SUBJECT ADDED ENTRY--TOPICAL TERM
Topical term or geographic name entry element Marketing
Source of heading or term stw
650 #7 - SUBJECT ADDED ENTRY--TOPICAL TERM
Topical term or geographic name entry element Marketingpolitik
Source of heading or term stw
650 04 - SUBJECT ADDED ENTRY--TOPICAL TERM
Topical term or geographic name entry element Marketing.
653 #0 - INDEX TERM--UNCONTROLLED
Uncontrolled term Marketing
653 #0 - INDEX TERM--UNCONTROLLED
Uncontrolled term მართვა
700 ## - ADDED ENTRY--PERSONAL NAME
9 (RLIN) 906
Personal name Silk. Alvin J
856 4# - ELECTRONIC LOCATION AND ACCESS
Uniform Resource Identifier <a href="http://digitool.hbz-nrw.de:1801/webclient/DeliveryManager?pid=1861522&custom_att_2=simple_viewer">http://digitool.hbz-nrw.de:1801/webclient/DeliveryManager?pid=1861522&custom_att_2=simple_viewer</a>
887 ## - NON-MARC INFORMATION FIELD
Content of non-MARC field {"@id":"1kct1f9c4qmj96r","modified":"2018-05-17T16:04:07+02:00","checksum":"60246973692"}
Source of data librisxl
887 ## - NON-MARC INFORMATION FIELD
Content of non-MARC field {"@id":"z3bsq7h42jh37fc","modified":"2018-07-02T16:57:30.069+02:00","checksum":"14946126145"}
Source of data librisxl
942 ## - ADDED ENTRY ELEMENTS (KOHA)
Source of classification or shelving scheme
Koha item type Books
Holdings
Withdrawn status Lost status Source of classification or shelving scheme Damaged status Not for loan Permanent location Current location Date acquired Inventory number Total Checkouts Full call number Barcode Date last seen Price effective from Koha item type
          Ken Walker International University Ken Walker International University 02/16/2021 1274   005 S-60 1274 02/16/2021 02/16/2021 Books

Powered by Koha